[Event "Santa Catarina State-ch 65th"]
[Site "Rio Negrinho"]
[Date "2021.07.25"]
[Round "7"]
[White "Cordioli, Jairo Ribeiro"]
[Black "Pelegrini, Lucas Natan Kriegue"]
[Result "1/2-1/2"]
[WhiteElo "1793"]
[BlackElo "1448"]
[PlyCount "53"]
[EventDate "2021.07.22"]
[EventType "swiss"]
[EventRounds "7"]
[EventCountry "BRA"]
[SourceTitle "EXT 2022"]
[Source "ChessBase"]
[SourceDate "2021.10.06"]
[SourceVersion "1"]
[SourceVersionDate "2021.10.06"]
[SourceQuality "1"]

1. d4 Nf6 2. g3 g6 3. Bg2 Bg7 4. Nf3 0-0 5. 0-0 d5 6. c4 c6 7. Nc3 Nbd7 8. cxd5 cxd5 9. Bf4 a6 10. Ne5 e6 11. e4 dxe4 12. Nxe4 Nxe4 13. Bxe4 Nf6 14. Bg2 Nd5 15. Bd2 b5 16. Rc1 Bb7 17. h4 Qd6 18. Nf3 Rac8 19. Qe2 Rfd8 20. Bg5 Rxc1 21. Rxc1 Rc8 22. Rxc8+ Bxc8 23. Qc2 Bd7 24. a3 Qc7 25. Qxc7 Nxc7 26. Be3 Nd5 27. Ne5 1/2-1/2

[Event "Santa Catarina State-ch 65th"]
[Site "Rio Negrinho"]
[Date "2021.07.25"]
[Round "6"]
[White "De Oliveira, Icaro Jesus"]
[Black "Pelegrini, Lucas Natan Kriegue"]
[Result "1-0"]
[WhiteElo "1857"]
[BlackElo "1448"]
[PlyCount "59"]
[EventDate "2021.07.22"]
[EventType "swiss"]
[EventRounds "7"]
[EventCountry "BRA"]
[SourceTitle "EXT 2022"]
[Source "ChessBase"]
[SourceDate "2021.10.06"]
[SourceVersion "1"]
[SourceVersionDate "2021.10.06"]
[SourceQuality "1"]

1. d4 Nf6 2. c4 g6 3. Nc3 Bg7 4. e4 d6 5. Be2 0-0 6. Bg5 c5 7. d5 h6 8. Be3 e6 9. dxe6 Bxe6 10. Qd2 Kh7 11. Rd1 Qa5 12. h3 Nc6 13. f4 Rad8 14. g4 Nd4 15. f5 Nxe2 16. Ngxe2 Bxc4 17. Ng3 Nd7 18. Kf2 Ne5 19. g5 Nd3+ 20. Kg2 hxg5 21. Bxg5 Rde8 22. f6 Bh8 23. b3 Ba6 24. h4 Re6 25. h5 gxh5 26. Rxh5+ Kg6 27. Rdh1 Bxf6 28. Bxf6 Rxf6 29. Rh6+ Kg7 30. Qg5+ 1-0